Tools of war : (Record no. 138680)

MARC details
000 -LEADER
fixed length control field 00610nam a22001937a 4500
005 - DATE AND TIME OF LATEST TRANSACTION
control field 20170406150610.0
010 ## - LCCN (DPL NO)
LC control number ENG-117714
020 ## - INTERNATIONAL STANDARD BOOK NUMBER
Terms of availability 1295.00
International Standard Book Number 9789386019387
035 ## - SYSTEM CONTROL NUMBER
System control number EN-101246
037 ## - SOURCE OF ACQUISITION
Source of stock number/acquisition DBAD/PUB
082 ## - DEWEY DECIMAL CLASSIFICATION NUMBER
Classification number 623.4
100 ## - MAIN ENTRY--PERSONAL NAME
Personal name Sayed Ramsey
245 ## - TITLE STATEMENT
Title Tools of war :
Statement of responsibility, etc by Syed Ramsey
Remainder of title history of weapons in modern times /
260 ## - PUBLICATION, DISTRIBUTION, ETC. (IMPRINT)
Place of publication, distribution, etc New Delhi
Name of publisher, distributor, etc Alpha Edition
Date of publication, distribution, etc 2016
270 ## - ADDRESS
Address 2/41, Ansari Road, Darya Ganj,
City New Delhi
Postal code 110002
300 ## - PHYSICAL DESCRIPTION
Extent vii,314p.
Dimensions 23cm(Hb)
500 ## - GENERAL NOTE
General note Includes bibliographical references and index<br/>
942 ## - ADDED ENTRY ELEMENTS (KOHA)
Source of classification or shelving scheme Dewey Decimal Classification
Item type English Books
Call number suffix SYE
Classification part 623.4
Holdings
Withdrawn status Lost status Not for loan Collection code Home library Current library Date acquired Source of acquisition Cost, normal purchase price Full call number Barcode Copy number Cost, replacement price Koha item type
      Non-fiction Shahdara Branch Shahdara Branch 06/04/2017 DBAD/PUB 1295.00 623.4 SYE EN-101246 1 1295.00 English Books

© Delhi Public Library
Hit Counter
free hit counter